Rishi dayanand ka tatav-darshan (Record no. 397068)

MARC details
000 -LEADER
fixed length control field 00623 a2200229 4500
005 - DATE & TIME
control field 20260513152749.0
008 - FIXED-LENGTH DATA ELEMENTS--GENERAL INFORMATION
fixed length control field 260513b |||||||| |||| 00| 0 eng d
020 ## - ISBN
International Standard Book Number 9788170772248
Price Rs. 300.000
040 ## - CATALOGING SOURCE
Original cataloging agency VIVEKANANDA LIBRARY
082 ## - DDC NUMBER
Classification number 294.5924
Book Number D33U:R
100 ## - MAIN ENTRY--PERSONAL NAME
Personal name Upadhayay, Gangaprasad
245 ## - TITLE STATEMENT
Title Rishi dayanand ka tatav-darshan
260 ## - PUBLICATION, DISTRIBUTION, ETC. (IMPRINT)
Place of publication, distribution, etc Delhi
Name of publisher, distributor, etc Vijaykumar Govindram Hasanand
Date of publication, distribution, etc 2014
300 ## - PHYSICAL DESCRIPTION
Pages 368
650 ## - Subject
Subject Religion
650 ## - Subject
Subject Dayananda Saraswati-Philosophy
650 ## - Subject
Subject Arya Samaj
650 ## - Subject
Subject Hindu Philosophy
650 ## - Subject
Subject Vedic Philosophy
700 ## - Added Entry Personal Name
Added Entry Personal Name Roopchander (Deepak)
942 ## - ADDED ENTRY ELEMENTS (KOHA)
Koha item type Books
Holdings
Withdrawn status Lost status Source of classification or shelving scheme Damaged status Not for loan Location (home branch) Sublocation or collection (holding branch) Shelving location Date acquired Koha issues (times borrowed) Koha full call number Accession No. Koha date last seen Koha item type
    Dewey Decimal Classification     VIVEKANANDA LIBRARY VIVEKANANDA LIBRARY Vivekananda Library 11/03/2026   294.5924 D33U:R 438743 11/03/2026 Books
© Designed and Maintained by Vivekananda Library, MDU Rohtak